Michigan Basketball Players Quiz - Statistics

General Stats
  • This quiz has been taken 21 times
  • The average score is 12 of 16
Answer Stats
Hint Answer % Correct
#23 Yaxel Lendeborg
100%
#15 Aday Mara
86%
#3 Elliot Cadeau
86%
#21 Morez Johnson Jr.
86%
#4 Nimari Burnett
86%
#12 Charlie May
79%
#2 LJ Cason
79%
#5 Oscar Goodman
79%
#11 Roddy Gayle Jr.
79%
#1 Trey McKenney
79%
#42 Will Tschetter
71%
#10 Winters Grady
71%
#7 Howard Eisley Jr.
57%
#32 Malick Kordel
50%
#13 Harrison Hochberg
43%
#0 Ricky Liburd
43%
No matching quizzes found
Score Distribution
Percent of People with Each Score
Percentile by Number Answered
Your Score History
You have not taken this quiz